Дело о порядке отправления рекрутской повинности в бывших удельных имениях Уфимской губернии

Доступно только в Электронных читальных залах Найти на картеНа карте
RUSMARC
00003704nmc2a22000003x 450
0019af0c8de-5d9d-43f8-925b-f8f301690692
00520200306023631.0
100##$a20180907l18661868k l0rusy0189 ca
1010#$arus
102##$aRU
251##$cДело
300##$aДело
801#0$aRU
$bРГИА
$c20180907
$gRCR
801#1$aRU
$bГлавНИВЦ
$c20180907
$2rusmarc
801#2$aRU
$bПБ им. Б.Н. Ельцина
$c20200306
$gRCR
$2rusmarc
850##$aРГИА
852##$aРГИА
$eФедеральное казенное учреждение "Российский государственный исторический архив" (РГИА)
$j1177
937##$hРГИА
$d12293124
$aASBIBLIO_SCAN
462#0$1001d8f9f7d4-b5a2-42ce-9901-502471366df6
$12001
$aДела Департамента полиции исполнительной МВД за 1866 год
$1251
$cОпись
$1852
$j27
$l1866 г.
461#0$10013e300ed0-cd39-49af-8489-5ba5b90fa401
$12001
$aДепартамент полиции исполнительной МВД
$1251
$cФонд
$1852
$j1286
2001#$aДело о порядке отправления рекрутской повинности в бывших удельных имениях Уфимской губернии
$j27 мая 1866 г. - 6 февраля 1868 г.
215##$a37 л.
$d36,5х26 см
371##$aДокумент не является опубликованным и широко распространяемым
105##$ay###
1222#$ad
035##$a9af0c8de-5d9d-43f8-925b-f8f301690692
856##$uhttp://readingroom.main.prlib.ru/item.aspx?id_node=n143202333&mode=full
Формат отображения